Aktuálne otázky bankového dohľadu v Európe

Základy bankového dohľadu stanovil v roku 1988 Bazilejský výbor pre bankový dohľad pod záštitou Banky pre medzinárodne zúčtovanie so sídlom v Bazileji (BIS). Jeho cieľom je zabezpečiť stabilitu bankového systému a systému financovania ekonomík. Z pohľadu európskych krajín ide o proces deregulácie ba...

Description complète

Enregistré dans:
Détails bibliographiques
Auteur principal: Buzelay, Alain
Autres auteurs: Lacová, Žaneta
Format: Chapitre de livre
Langue:slovaque
Sujets:
Tags: Ajouter un tag
Pas de tags, Soyez le premier à ajouter un tag!

MARC

LEADER 00000naa a2200000 4500
001 0147382
005 20231116091517.1
041 0 |a slo 
044 |a SK 
245 1 0 |a Aktuálne otázky bankového dohľadu v Európe  |c Alain Buzelay, Žaneta Lacová 
520 |a Základy bankového dohľadu stanovil v roku 1988 Bazilejský výbor pre bankový dohľad pod záštitou Banky pre medzinárodne zúčtovanie so sídlom v Bazileji (BIS). Jeho cieľom je zabezpečiť stabilitu bankového systému a systému financovania ekonomík. Z pohľadu európskych krajín ide o proces deregulácie bankového trhu. Potreba primeraných pravidiel vychádza z myšlienky, že deregulácia trhu neznamená absenciu regulácie, ale odstraňovanie takých pravidiel, ktoré bránia tvorbe konkurenčného prostredia. Keďže konkurencia predstavuje spôsob dosahovania efektívnosti, deregulácia sa stáva nie cieľom, ale len prostriedkom na dosiahnutie iných ekonomických cieľov. 
610 2 0 |a dohľad bankový 
610 2 0 |a Európa 
610 2 0 |a konsolidácia 
610 2 0 |a zúčtovanie 
610 2 0 |a financovanie 
610 2 0 |a regulácia finančná 
610 2 0 |a konkurencia 
100 1 |a Buzelay, Alain 
700 1 |a Lacová, Žaneta